| 000 | 00783nam a2200277Ia 4500 | ||
|---|---|---|---|
| 005 | 20250425161845.0 | ||
| 008 | 250425s9999 xx 000 0 und d | ||
| 020 | _a9501210669 | ||
| 041 | _aspa | ||
| 043 | _aag | ||
| 082 | _a658 | ||
| 100 | _aO'KEEFFE, JOHN | ||
| 245 | 0 | _aLA EMPRESA FUERA DE SERIE: OCHO ESTRATEGIAS DE PENSAMIENTO PARA OBTENER RESULTADOS SORPRENDENTES | |
| 250 | _a1A ED. | ||
| 260 |
_aArgentina _bPAIDOS _c1998 |
||
| 260 | _aBUENOS AIRES | ||
| 300 | _a242 | ||
| 500 | _aTÃtulo Traducido: BUSINESS BEYOND THE BOX: APPLYING YOUR MID FOR BREAKTHROUGH RESULTS | ||
| 650 | _aEMPRESAS | ||
| 650 | _aESTRATEGIAS | ||
| 650 | _aPENSAMIENTO CREATIVO | ||
| 700 |
_aFEDERICO VILLEGAS _etraductor |
||
| 710 | _aPAIDOS | ||
| 942 | _c01 | ||
| 010 | _a32559 | ||
| 999 |
_c217532 _d217532 |
||